The Show Must Go On lyric quiz. - Statistics

General Stats
  • This quiz has been taken 33 times
  • The average score is 28 of 40
Answer Stats
Lyric Missing word % Correct
Empty _____, what are we living for? Spaces
100%
The show _____ go on. Must
95%
On and ___? On
95%
Abandoned _____ I guess we know the score. Places
95%
The ____ must go on. Show
95%
______ my heart is breaking. Inside
91%
My make-up may be ______. Flaking
86%
The show must __ on Go
86%
Inside my _____ is breaking. Heart
86%
I guess I'm _______ (Learning, learning) Learning
86%
On and on, does anybody know what we are _______ for? Looking
86%
But my _______ still stays on. Smile
86%
I'll soon be ______ (Turning, turning, turning) Turning
86%
Outside the dawn is _______. Breaking
82%
My ________ may be flaking. Make-up
82%
The show must go __. On
82%
But my smile, _____, stays on Still
82%
Whatever happens, I'll leave it all to ______. Chance
77%
Round the ______ now Corner
73%
___ show must go on The
73%
Another hero, another mindless ______. Crime
68%
The show ____ go on Must
68%
Behind the curtain in the _________? Pantomime
68%
On with the ____. Show
68%
On with the ____. Show
68%
____ must go on, go on, go on, go on, go on, go on, go on, go on. Show
68%
_____ tales of yesterday, grow but never die. Fairy
64%
Another ________, another failed romance. Heartache
64%
Does anybody know what we are _____ for? Living
64%
My soul is painted like the wings of __________. Butterflies
59%
I can ___, my friends Fly
59%
I'm never ______ in. Giving
59%
____. Show
59%
I'll face it with a ____. Grin
50%
But inside in the dark I'm _____ to be free. Aching
45%
I'll top the ____. Bill
45%
I must be _____ now. Warmer
45%
I have to find the ____ to carry on Will
45%
I'm ________. Overkill
27%
Does anybody want to _____ it anymore? Want
0%
No matching quizzes found
Score Distribution
Percent of People with Each Score
Percentile by Number Answered
Your Score History
You have not taken this quiz